Normal view MARC view

Entry Topical Term

Number of records used in: 2

001 - CONTROL NUMBER

  • control field: 58577

003 - CONTROL NUMBER IDENTIFIER

  • control field: dpl

005 - DATE AND TIME OF LATEST TRANSACTION

  • control field: 20231113124115.0

008 - FIXED-LENGTH DATA ELEMENTS

  • fixed length control field: 231113|| aca||aabn | a|a d

040 ## - CATALOGING SOURCE

  • Original cataloging agency: dpl
  • Transcribing agency: dpl

150 ## - HEADING--TOPICAL TERM

  • Topical term or geographic name as entry element: Operating system (Computers)

670 ## - SOURCE DATA FOUND

  • Source citation: Work cat.: (dpl)28180: Harnal, Ashok Kumar 58575, Linux applications and administration /, 2009

© Delhi Public Library
Hit Counter
free hit counter